000 00855nam a2200253uu 4500
001 14494
003 HDC
007 cr a| aaaaaaua
008 210215p9999 ||||| |||| 00| 0 eng d
040 _aHDC
110 _aEuropean Commission Directorate-General for Agriculture
245 4 _aThe meat sector in the European Union
260 _a[no place] :
_b[publisher not identified],
_c[no year]
300 _a1 online resource (20 pages )
336 _atext
_2rdacontent
337 _acomputer
_2rdamedia
338 _aonline resource
_2rdacarrier
650 _alivestock
_92405
650 _aMeat sector
_915057
856 _zRequest full-text at [email protected]
942 _2lcc
942 _cEIS
942 _kREPT 000292
999 _c11810
_d11810